000 00472nam a2200181Ia 4500
001 2920
005 20260306144842.0
008 260306t2012||||xx |||||||||||||| ||spa||
041 _aESP
082 _a233.7
_bL512
100 _aLadaria, Luis F.
_eAUT
245 0 _aTeología del pecado original y de la gracia:
_bantropología teológica especial
260 _c2012
300 _a315 páginas :
_c21 cm.
650 _aGEN
654 _aCHU
942 _cLIB
_dJUS
_fJUS
_2ddc
_n
999 _c2920
_d2920